|
|
|
|
| LEADER |
02931nam a22005655i 4500 |
| 001 |
978-88-470-1791-7 |
| 003 |
DE-He213 |
| 005 |
20151204145646.0 |
| 007 |
cr nn 008mamaa |
| 008 |
110929s2011 it | s |||| 0|ita d |
| 020 |
|
|
|a 9788847017917
|9 978-88-470-1791-7
|
| 024 |
7 |
|
|a 10.1007/978-88-470-1791-7
|2 doi
|
| 040 |
|
|
|d GrThAP
|
| 050 |
|
4 |
|a HF4999.2-6182
|
| 050 |
|
4 |
|a HD28-70
|
| 072 |
|
7 |
|a KJ
|2 bicssc
|
| 072 |
|
7 |
|a BUS042000
|2 bisacsh
|
| 082 |
0 |
4 |
|a 650
|2 23
|
| 100 |
1 |
|
|a Pinto, Roberto.
|e author.
|
| 245 |
1 |
0 |
|a Modelli decisionali per la produzione, la logistica e i servizi energetici
|h [electronic resource] /
|c by Roberto Pinto, Maria Teresa Vespucci.
|
| 264 |
|
1 |
|a Milano :
|b Springer Milan :
|b Imprint: Springer,
|c 2011.
|
| 300 |
|
|
|a XII, 149 pagg.
|b online resource.
|
| 336 |
|
|
|a text
|b txt
|2 rdacontent
|
| 337 |
|
|
|a computer
|b c
|2 rdamedia
|
| 338 |
|
|
|a online resource
|b cr
|2 rdacarrier
|
| 347 |
|
|
|a text file
|b PDF
|2 rda
|
| 490 |
1 |
|
|a UNITEXT,
|x 2038-5714
|
| 520 |
|
|
|a La proposta nasce dalla constatazione dell'importanza dell'approccio quantitativo a problemi di rilevanza quotidiana in molte realtà industriali. L'opera, oltre a proporre modelli di riferimento, vuole promuovere la comprensione degli stessi e degli approcci formali ad essi collegati attraverso costanti riferimenti a reali pratiche di pianificazione e gestione. Il panorama editoriale italiano non sembra offrire nell'ambito del business management un'opera avente questo stesso indirizzo. L'esperienza acquisita dagli autori nei rapporti professionali con diverse realtà industriali è alla base della qualità complessiva dell'opera. Gli obiettivi principali sono: presentare modelli di ottimizzazione tratti o ispirati da casi di studio concreti nell'ambito industriale, manifatturiero e logistico; illustrare alcuni dei principali approcci di modellazione matematica ai problemi di rilevanza industriale; costituire materiale didattico integrativo per corsi a livello universitario ed avanzato.
|
| 650 |
|
0 |
|a Business.
|
| 650 |
|
0 |
|a Management science.
|
| 650 |
|
0 |
|a Production management.
|
| 650 |
|
0 |
|a Operations research.
|
| 650 |
|
0 |
|a Decision making.
|
| 650 |
|
0 |
|a Mathematical models.
|
| 650 |
|
0 |
|a Mathematical optimization.
|
| 650 |
1 |
4 |
|a Business and Management.
|
| 650 |
2 |
4 |
|a Business and Management, general.
|
| 650 |
2 |
4 |
|a Operation Research/Decision Theory.
|
| 650 |
2 |
4 |
|a Operations Management.
|
| 650 |
2 |
4 |
|a Optimization.
|
| 650 |
2 |
4 |
|a Operations Research, Management Science.
|
| 650 |
2 |
4 |
|a Mathematical Modeling and Industrial Mathematics.
|
| 700 |
1 |
|
|a Vespucci, Maria Teresa.
|e author.
|
| 710 |
2 |
|
|a SpringerLink (Online service)
|
| 773 |
0 |
|
|t Springer eBooks
|
| 776 |
0 |
8 |
|i Printed edition:
|z 9788847017900
|
| 830 |
|
0 |
|a UNITEXT,
|x 2038-5714
|
| 856 |
4 |
0 |
|u http://dx.doi.org/10.1007/978-88-470-1791-7
|z Full Text via HEAL-Link
|
| 912 |
|
|
|a ZDB-2-ENG
|
| 950 |
|
|
|a Engineering (Springer-11647)
|